Semiconductor electrodes and photoelectrochemistry

Guardat en:
Dades bibliogràfiques
Autor principal: Licht, Stuart (Autor)
Format: Llibre
Idioma:anglès
Publicat: Wiley VCH 2002
Col·lecció:Encyclopedia of Electrochemistry, 6
Matèries:
Etiquetes: Afegir etiqueta
Sense etiquetes, Sigues el primer a etiquetar aquest registre!

MARC

LEADER 00000nam a2200000 a 4500
001 UCM7933
003 CL-VaPUC
008 030117e20020000GW |||||||||||||||||eng|d
020 |a 3527303987 
082 0 4 |a 541.37  |b LIC  |2 21 
100 0 |a Licht, Stuart  |e author  |9 473724 
245 1 0 |a Semiconductor electrodes and photoelectrochemistry 
300 |a 597 p 
942 |c BK 
945 |d 20030117 00:00:00  |a vberengu 
260 |b Wiley VCH  |c 2002 
650 0 |a Electroquímica  |9 263973 
650 0 |a Semiconductores  |9 260250 
650 7 |a ELECTRODOS  |2 CL-VaPUC  |9 306983 
650 7 |a FOTOELECTROQUIMICA  |2 CL-VaPUC  |9 473725 
583 |a last modification  |c 20171031 11:00:23  |k Rodrigo Vera 
490 0 |a Encyclopedia of Electrochemistry, 6 
999 |c 302560  |d 302558 
952 |0 0  |1 0  |4 0  |6 541_370000000000000_LIC_2002  |7 0  |8 A  |9 363225  |a BIBCUR  |b BIBCUR  |d 2019-11-21  |i 4338286  |o 541.37 LIC 2002  |p 4338286  |r 2025-04-22  |w 2019-11-21  |y BK  |k QUI